000 01015nam a22001937a 4500
999 _c59099
_d59099
003 Ge_BSU
005 20221124165327.0
008 221124s1978ge xxu||||| |||| 00| 0 geo d
041 _ageo
080 _a821.511.141-11 პ-32
100 _aპეტეფი, შანდორ, ავტ.
_916065
245 _aლექსები ; პოემები /
_cშანდორ პეტეფი ; [უნგრ. თარგმნა და შესავალი წერილი დაურთო გ. აბაშიძემ].
264 _aთბილისი :
_bსაბჭოთა საქართველო,
_c1978.
300 _a286 გვ. :
_bპორტრ. ;
_c 20 სმ.
440 _aმსოფლიო ლიტერატურის ბიბლიოთეკა ; ტ. 51. 1-ლი სერია
_916066
653 _a ლექსები ; პოემები
700 _a აბაშიძე, გ
_eმთარგმნელი
_916067
942 _2udc
_cBK